No Fue REMIX - Leebrian, Cauty, Rauw Alejandro, Feid, Brray - Estadísticas

Estadísticas generales
  • Esta prueba ha sido intentada 54 veces
  • La puntuación promedio es 481 de 758
Estadísticas de respuestas
Letra % Correcto
a
100%
A
100%
me
100%
Me
100%
no
100%
que
100%
Que
100%
qué
100%
si
100%
Si
100%
de
89%
De
89%
el
89%
El
89%
es
89%
está
89%
Esta
89%
estas
89%
ha
89%
Lo
89%
lo
89%
89%
mi
89%
nos
89%
Nos
89%
pa
89%
Pa
89%
Pero
89%
pero
89%
por
89%
Porque
89%
porque
89%
se
89%
Se
89%
Tu
89%
89%
tu
89%
y
89%
Y
89%
Yo
89%
yo
89%
Al
78%
coro
78%
dije
78%
dile
78%
Dile
78%
en
78%
En
78%
esto
78%
fue
78%
gusta
78%
hacemos
78%
iba
78%
inferiores
78%
la
78%
La
78%
Ma
78%
Mami
78%
mami
78%
mentes
78%
mercedes
78%
noche
78%
oro
78%
oxida
78%
pasar
78%
pensamientos
78%
siento
78%
So
78%
te
78%
Te
78%
tengo
78%
Tengo
78%
ti
78%
vas
78%
ve
78%
Ve
78%
vemos
78%
adoro
67%
amiga
67%
ca
67%
canso
67%
con
67%
Dime
67%
dónde
67%
donde
67%
ella
67%
Grandes
67%
haga
67%
nuestro
67%
nunca
67%
quiero
67%
quise
67%
Solo
67%
solo
67%
truco
67%
aquí
56%
confundida
56%
Creo
56%
creo
56%
demore
56%
después
56%
Despues
56%
dinero
56%
esa
56%
estará
56%
fama
56%
igual
56%
juego
56%
las
56%
Las
56%
le
56%
los
56%
miento
56%
nada
56%
ni
56%
nosotros
56%
pasó
56%
quien
56%
todo
56%
adentro
44%
adores
44%
alma
44%
borracha
44%
chimba
44%
como
44%
Como
44%
Culpa
44%
decía
44%
del
44%
descanso
44%
Diste
44%
dura
44%
duramos
44%
eres
44%
espalda
44%
este
44%
estoy
44%
fantasma
44%
mensaje
44%
mirador
44%
Pal
44%
pal
44%
Palmas
44%
par
44%
sex
44%
somos
44%
tanto
44%
transo
44%
tres
44%
tuve
44%
un
44%
verdad
44%
Ya
44%
ya
44%
alcanzó
33%
alejar
33%
asesina
33%
bien
33%
busco
33%
cama
33%
confundiste
33%
contrato
33%
dio
33%
disco
33%
escribiste
33%
Háblame
33%
hago
33%
karma
33%
llego
33%
papelones
33%
pasaste
33%
piche
33%
pregunto
33%
teníamos
33%
tragos
33%
Tus
33%
aca
22%
acaba
22%
ama
22%
Amor
22%
Así
22%
claro
22%
comunicación
22%
cortar
22%
crees
22%
digo
22%
era
22%
gustaba
22%
hookeaste
22%
intentos
22%
muy
22%
olvidar
22%
parar
22%
parto
22%
pelear
22%
pienso
22%
pone
22%
quiere
22%
quieres
22%
relajo
22%
sentimiento
22%
suena
22%
tatuado
22%
tiro
22%
una
22%
Yeah
22%
acabaron
11%
algo
11%
amigos
11%
Baby
11%
bebés
11%
buscaba
11%
capella
11%
clara
11%
conmigo
11%
consuelan
11%
cualquiera
11%
cuando
11%
Cuando
11%
culos
11%
daba
11%
Despidiendote
11%
dices
11%
doy
11%
encontraba
11%
envolviste
11%
eso
11%
estuvo
11%
fuiste
11%
guste
11%
hable
11%
hay
11%
He
11%
lento
11%
mal
11%
mande
11%
mas
11%
más
11%
mio
11%
novela
11%
otras
11%
otro
11%
prendí
11%
psycho
11%
replicas
11%
rogar
11%
sabe
11%
saludos
11%
seguir
11%
sexo
11%
Siempre
11%
son
11%
tenido
11%
tranquila
11%
vela
11%
adapta
0%
ahí
0%
amores
0%
backpack
0%
bastantes
0%
borracho
0%
brinda
0%
chinguear
0%
coja
0%
comerse
0%
comimos
0%
consiguen
0%
deje
0%
Dios
0%
dos
0%
drama
0%
empezaste
0%
enamora
0%
engancho
0%
envidiavas
0%
escudo
0%
falta
0%
ficha
0%
fumar
0%
ganas
0%
hablar
0%
jugador
0%
jugar
0%
Junto
0%
librito
0%
llamo
0%
mañana
0%
marihua
0%
mejor
0%
Mezclar
0%
mierda
0%
mitad
0%
movie
0%
Moviste
0%
mudo
0%
nadie
0%
ninguno
0%
normal
0%
olvide
0%
orgullo
0%
pac
0%
panas
0%
parta
0%
pecho
0%
pedido
0%
picheo
0%
Podrá
0%
prefiero
0%
problemas
0%
pudo
0%
puso
0%
quedarme
0%
quererse
0%
rato
0%
resalta
0%
romper
0%
ruegale
0%
saca
0%
sale
0%
seguidor
0%
serio
0%
servidor
0%
sigue
0%
sigues
0%
soy
0%
superar
0%
superarme
0%
tuyo
0%
vaya
0%
veces
0%
verdaderos
0%
voy
0%
X
0%
No se encontraron pruebas coincidentes
Distribución de puntuación
Porcentaje de gente con cada puntuación
Porcentaje por número respondido
Historial de tus puntuaciones
No has intentado esta prueba.